banner-ar

Ethiopia : (Record no. 64276)

MARC details
000 -الفاتح
حقل البيانات ثابتة الطول 02611cam a22003015i 4500
005 - وقت وتاريخ اخر تعامل مع التسجيلة
رقم الضبط 20240530110723.0
008 - عناصر البيانات ثابتة الطول - معلومات عامة
حقل البيانات ثابتة الطول 180328s20172017ua bcf g b 001 0beng c
020 ## - الرقم الدولى المعيارى للكتب
الرقم الدولى المعيارى للكتاب 9789774168437
040 ## - مصدر الفهرسة
وكالة الفهرسة الأصلية EG-CaGPL
وكالة النسخ EG-CaGPL
041 1# - رمز اللغة
رمز لغة النص/ المسارات الصوتية أو العنوان الانفرادي eng
رمز لغة الترجمات و/او الاصلية المتوسطة للنص tur
082 04 - رقم تصنيف ديوى العشرى
رقم الطبعة 21
رقم التصنيف 726.50963 /
رقم المادة A E
100 1# - المدخل الرئيسى - إسم شخصى
الإسم الشخصى Anne Fitzgerald, Mary
الدور author.
245 10 - بيان العنوان
العنوان Ethiopia :
بقية العنوان the living Churches of an Ancient Kingdom /
بيان المسئوليه,etc Mary Anne Fitzgerald, Philip Marsden ; Edited by Carolyn Ludwing, Morris Jackson
260 ## - PUBLICATION, DISTRIBUTION, ETC. (IMPRINT)
تاريخ النشر أو التوزيع 2017.
300 ## - الوصف المادى
التعداد 523 p. :
تفاصيل ماديه اخرى للوعاء illustrations, portraits ;
أبعاد الوعاء 24 cm
504 ## - تبصرة ببليوجرافية
تبصرة ببليوجرافية,الخ Includes bibliographical references and index.
650 07 - المدخل الاضافى بالموضوع-مصطلح موضوعى
مصطلح موضوعي Churches Buildings
التقسيم الفرعي الجغرافي Ethiopia.
مصدر الرأس أو المصطلح qrmak
700 1# - المدخل الاضافى - اسم شخصى
الإسم الشخصى Marsden, Philip
الدور author
700 1# - المدخل الاضافى - اسم شخصى
الإسم الشخصى Ludwing, Carolyn
الدور Editor
700 1# - المدخل الاضافى - اسم شخصى
الإسم الشخصى Jackson,Morris
الدور Editor
942 ## - عناصر المدخل الإضافي( كوها)
مصدر التصنيف او مخطط الترفيف Dewey Decimal Classification
Koha [default] item type كتاب
260 ## - PUBLICATION, DISTRIBUTION, ETC. (IMPRINT)
-- :Cairo
-- The American University in Cairo Press,
520 ## - التبصرة الخاصة بالتعليق أو التلخيص
ملخص,الخ "Twice a princess, twice exiled, Neslishah Sultan had an eventful life. When she was born in Istanbul in 1921, cannons were fired in the four corners of the Ottoman Empire, commemorative coins were issued in her name, and her birth was recorded in the official register of the palace. After all, she was an imperial princess and the granddaughter of Sultan Vahiddedin. But she was the last member of the imperial family to be accorded such honors: in 1922 Vahiddedin was deposed and exiled, replaced as caliph--but not as sultan--by his brother (and Neslishah's other grandfather) Abdulmecid; in 1924 Abdulmecid was also removed from office, and the entire imperial family, including three-year-old Neslishah, were sent into exile. Sixteen years later on her marriage to Prince Abdel Moneim, the son of the last khedive of Egypt, she became a princess of the Egyptian royal family. And when in 1952 her husband was appointed regent for Egypt's infant king, she took her place at the peak of Egyptian society as the country's first lady, until the abolition of the monarchy the following year. Exile followed once more, this time from Egypt, after the royal couple faced charges of treason. Eventually Neslishah was allowed to return to the city of her birth, where she died at the age of 91 in 2012. Based on original documents and extensive personal interviews, this account of one woman's extraordinary life is also the story of the end of two powerful dynasties thirty years apart."--
546 ## - تبصرة اللغة
تبصرة اللغة In English; translated from the original Turkish.
655 #7 - مصطلح تكشيفى-نوع/شكل
بيانات النوع/ الشكل أو المصطلح الأساسي Biographies.
مصدر المصطلح lcgft
906 ## - عنصر بيانات محلى F, LDF (RLIN)
a 0
b ibc
c pccadap
d 2
e ncip
f 20
g y-gencatlg
Holdings
حالة التراجع حالة الفقد حالة تلف ليس للاعارة المكان المؤقت الموقع الحالى موقع الترفيف تاريخ الاكتساب اجمالي اﻻعارات رقم الطلب الباركود تاريخ اخر مشاهدة تاريخ تفعيل السعر نوع وعاء كوها
        مكتبة القاهرة الكبرى مكتبة القاهرة الكبرى القاعة الرئيسية 04/05/2018   726.50963 / A E 164436 04/05/2018 04/05/2018 كتاب

Powered By

EGPV